| 000 | 00549nam a22001577aa4500 | ||
|---|---|---|---|
| 003 | OSt | ||
| 005 | 20170418165607.0 | ||
| 008 | 170119s2016||||cat|||||||||||||||||cat|d | ||
| 040 |
_aCDMR _bcat _cCDMR |
||
| 245 | 0 | 0 |
_aCodi Deontològic _b: declaració de principis de la professió periodística a Catalunya |
| 260 |
_aBarcelona _c2016 _bCol.legi de Periodistes de Catalunya |
||
| 300 | _a15 p. | ||
| 710 | 2 |
_9133 _aCol·legi de Periodistes de Catalunya |
|
| 856 | 4 | 0 |
_uhttp://omeka.periodistes.org/items/show/403 _yDisponible en línia |
| 942 |
_cFULLET _2udc |
||
| 999 |
_c6989 _d6989 |
||